Culture Générale #23 - Statistiques

Statistiques générales
  • Ce quiz a été pris 94 fois
    76 depuis la dernière actualisation
  • Le résultat moyen est 9 sur 20
Statistiques - réponses
Questions Réponses % Correct
Quel acronyme de trois lettres associé à une carte à puce insérée dans un téléphone signifie Subscriber Identity Module ? SIM
97%
Quelle œuvre d’art a été dérobée le 21 août 1911 au Musée du Louvre par un Italien ? La Joconde
80%
Quelle plante du genre citrullus à la chair allant du jaune au rouge vif est parfois appelée melon d’eau ? Pastéque
76%
Quel président des Etats-Unis à démisionné en 1974 à la suite du scandale d'espionnage du Watergate? Richard Nixon
76%
Quel album de Michael Jackson, sorti en 1982, est devenu le plus vendu de tous les temps dans le monde ? Thriller
73%
Quelle est la capitale du Venezuela ? Caracas
71%
Selon une expression signifiant que les médisances ne vous atteignent pas, quel animal n’est pas atteint par la bave du crapaud ? la Colombe
71%
Quel scientifique ayant laissé son nom au prix récompensant les morts les plus bêtes a publié en 1859, "De l’origine des espèces" ? Charles Darwin
68%
Quelle pays à été nommée d'après le deuxième nom de Jacob dans la bible ? Israël
66%
Quel est le nom actuel de la Birmanie ? Myanmar
61%
En 1913, dans quelle ville se trouvaient simultanément Hitler, Staline, Trotski, Freud, Tito et l’archiduc François-Ferdinand ? Vienne
58%
Quelle nouvelle règle d’exclusion temporaire au rugby est aussi le nom d’un obstacle de sable au golf ? Bunker
41%
Selon l’expérience menée en 1907 par le médecin américain Duncan MacDougall, quel serait le poids supposé de l’âme humaine ? (expérience invalidée à postériori) 21 grammes
25%
Quel manga raconte l’histoire de Thorfinn, un jeune guerrier viking en quête de vengeance et inspiré des sagas nordiques ? Vinland Saga
20%
Quel explorateur viking est considéré comme l’un des premiers Européens à avoir atteint l’Amérique du Nord ? Leif Erikson
14%
Quel footballeur a remporté le Super Ballon d'Or en 1989 ? Alfredo Di Stéfano
8%
Quel est le nom de la holding qui possède à la fois Chelsea FC en Premier League et RC Strasbourg en Ligue 1 ? BlueCo
8%
Quel artiste à peint "Le Voyageur contemplant une mer de nuages" ? Caspar David Friedrich
7%
Comment s’appelle le séquoia situé en Californie, considéré comme l’arbre le plus gros du monde, mesurant 83 mètres de haut et 30 mètres de large ? General Sherman
5%
Comment appelle-t-on une personne qui remet en question les traditions et refuse de se conformer aux idées ou symboles établis ? Iconoclaste
3%
Aucun quiz correspondant
Distribution des résultats
% des personnes avec chaque résultat
Percentile par nombre de réponses
Votre historique - résultats
Vous n’avez pas pris ce quiz depuis la dernière actualisation